000 00661nam a2200193Ia 4500
008 240729s9999 xx 000 0 und d
022 _a2676-4997
245 0 _aEnvironmental Energy and Economic Research
260 _aIran, Islamic Republic of
260 _bIranian Association for Energy Economics
650 _a Engineering (General). Civil engineering (General)
650 _a Environmental engineering
650 _a Environmental pollution | Technology
650 _a Environmental technology. Sanitary engineering
650 _aTechnology
856 _uhttps://doaj.org/toc/9353cf97518d436dab87649a5e31978e
942 _2ddc
942 _cDOAJEJ
999 _c70588
_d70588
945 _a1
_bMadushi Gamage
_c1
_dMadushi Gamage